[Event "FRA-chT2 0405"]
[Site "France"]
[Date "2005.03.12"]
[Round "8.5"]
[White "Karim, Ismael"]
[Black "Deloge, Francois"]
[Result "1-0"]
[WhiteElo "2230"]
[BlackElo "2070"]
[PlyCount "49"]
[EventDate "2004.10.10"]
[EventType "team"]
[EventRounds "11"]
[EventCountry "FRA"]
[SourceTitle "EXT 2006"]
[Source "ChessBase"]
[SourceDate "2005.11.24"]
[SourceVersion "1"]
[SourceVersionDate "2005.11.24"]
[SourceQuality "1"]
[WhiteTeam "Paris NAO II"]
[BlackTeam "Checy"]
[WhiteTeamCountry "FRA"]
[BlackTeamCountry "FRA"]

1. e4 d6 2. d4 Nf6 3. Nc3 g6 4. Be3 Bg7 5. Qd2 c6 6. Bh6 0-0 7. 0-0-0 b5 8. f3 a5 9. h4 b4 10. Nce2 Qc7 11. h5 Nbd7 12. hxg6 fxg6 13. Bxg7 Kxg7 14. Qh6+ Kf7 15. Nh3 Nb6 16. Ng5+ Ke8 17. Nxh7 Nxh7 18. Qxg6+ Kd8 19. Rxh7 Qd7 20. Ng3 a4 21. Nf5 Re8 22. d5 Nxd5 23. Ng7 Nf6 24. e5 Nxh7 25. e6 1-0

[Event "FRA-chT2 0405"]
[Site "France"]
[Date "2004.11.06"]
[Round "2.5"]
[White "Izbicki, Jean Louis"]
[Black "Deloge, Francois"]
[Result "0-1"]
[WhiteElo "2083"]
[BlackElo "2070"]
[PlyCount "160"]
[EventDate "2004.10.10"]
[EventType "team"]
[EventRounds "11"]
[EventCountry "FRA"]
[SourceTitle "EXT 2006"]
[Source "ChessBase"]
[SourceDate "2005.11.24"]
[SourceVersion "1"]
[SourceVersionDate "2005.11.24"]
[SourceQuality "1"]
[WhiteTeam "Gonfreville II"]
[BlackTeam "Checy"]
[WhiteTeamCountry "FRA"]
[BlackTeamCountry "FRA"]

1. d4 Nf6 2. c4 g6 3. Nc3 Bg7 4. e4 d6 5. f3 Nc6 6. d5 Ne5 7. f4 Ned7 8. Nf3 0-0 9. Bd3 c6 10. Qe2 e6 11. dxc6 bxc6 12. 0-0 Nc5 13. Bc2 Ba6 14. e5 Nd5 15. Ne4 Nxe4 16. Qxe4 Nb4 17. Rf2 Nxc2 18. Qxc2 d5 19. b3 Qa5 20. Bb2 Rfc8 21. c5 Bf8 22. Bd4 Rab8 23. h3 Qb5 24. Rd1 Qb4 25. Rfd2 Rc7 26. Nh2 Be7 27. g4 Bc8 28. Nf1 a5 29. Ne3 Ra7 30. Qc1 Rba8 31. f5 Bg5 32. Rd3 Ba6 33. Rc3 Qb5 34. Qd2 Qe2 35. Qxe2 Bxe2 36. Re1 Ba6 37. Kg2 Rb8 38. Kf3 Bc8 39. f6 a4 40. Rb1 Rab7 41. Rd3 axb3 42. axb3 Ra7 43. b4 Ba6 44. Rdb3 Bb5 45. Bc3 Bd3 46. Ra1 Be4+ 47. Kf2 Rxa1 48. Bxa1 h5 49. Bb2 hxg4 50. hxg4 Bh6 51. Bd4 Kf8 52. Ra3 Ke8 53. Bc3 Bf4 54. Ng2 Bg5 55. Ne1 Bh6 56. Nf3 Bxf3 57. Kxf3 Bf8 58. Ra6 Rc8 59. g5 Kd7 60. Ke2 Rc7 61. Kd3 Rc8 62. Kc2 Rb8 63. Kb3 Bxc5 64. Ka4 Be3 65. Be1 Kc7 66. Ka3 Rb7 67. Ra8 Ra7+ 68. Rxa7+ Bxa7 69. Bd2 Bd4 70. Bf4 Kb6 71. Ka4 Bf2 72. Bh2 d4 73. Ka3 Kb5 74. Kb3 c5 75. bxc5 Kxc5 76. Kc2 Kc4 77. Kd2 Be3+ 78. Ke2 Bxg5 79. Bg3 d3+ 80. Kd1 Kd4 0-1

[Event "Checy op 1st"]
[Site "Checy"]
[Date "2002.05.19"]
[Round "3"]
[White "Smith, Matthieu"]
[Black "Deloge, Francois"]
[Result "1-0"]
[WhiteElo "1670"]
[BlackElo "2170"]
[PlyCount "111"]
[EventDate "2002.05.18"]
[EventType "swiss"]
[EventRounds "6"]
[EventCountry "FRA"]
[SourceTitle "CBM 088 Extra"]
[Source "ChessBase"]
[SourceDate "2002.07.01"]
[SourceVersion "2"]
[SourceVersionDate "2002.07.01"]
[SourceQuality "1"]

1. e4 c5 2. Nc3 Nc6 3. g3 g6 4. Bg2 Bg7 5. Nge2 d6 6. d3 Rb8 7. Be3 Nd4 8. Rb1 b5 9. Qd2 b4 10. Nd1 Bg4 11. Bxd4 cxd4 12. h3 Bd7 13. f4 e5 14. Nf2 h5 15. Nd1 Bh6 16. 0-0 g5 17. f5 g4 18. Qe1 gxh3 19. Bxh3 Nf6 20. Ra1 Rg8 21. Rf3 Ng4 22. Bxg4 Rxg4 23. Kf2 h4 24. Qh1 Rc8 25. c3 bxc3 26. bxc3 dxc3 27. Nexc3 Qg5 28. gxh4 Qd2+ 29. Ne2 Rc2 30. Qf1 Rxh4 31. Ne3 Qxe2+ 32. Qxe2 Rh2+ 33. Kf1 Rcxe2 34. Ng4 Rb2 35. Nxh2 Rxh2 36. Kg1 Rb2 37. Rh3 Bf4 38. Rf3 Ke7 39. Kf1 Bb5 40. a4 Bc6 41. Ra3 d5 42. exd5 Bxd5 43. Rf2 Rxf2+ 44. Kxf2 Bd2 45. Kg3 Kf6 46. Kg4 a5 47. Ra1 Ke7 48. Rb1 Bb4 49. Rc1 Kd6 50. Kg3 Bb3 51. Ra1 Kd5 52. Kf3 Kd4 53. Ke2 Bc2 54. Ra2 Bxd3+ 55. Kf3 Bxf5 56. Re2 1-0